00288nam a2200109Ia 4500008004100000082001800041100001200059245005600071260003700127300000600164650000800170191201s2007 xx 000 0 und d a658.4012bWHC aWheelen 0aConcepts in Strategic Managment and Business Policy aN.DelhibPearson Educationc2007 a- aMBA